Information technology on the move : (Record no. 4020)
[ view plain ]
| 000 -LEADER | |
|---|---|
| fixed length control field | 01114nac a22002171u 4500 |
| 010 ## - LIBRARY OF CONGRESS CONTROL NUMBER | |
| LC control number | 93010043 |
| 020 ## - INTERNATIONAL STANDARD BOOK NUMBER | |
| International Standard Book Number | 0471938505 |
| 082 00 - DEWEY DECIMAL CLASSIFICATION NUMBER | |
| Classification number | 388.3124094 |
| Item number | U561 |
| 090 ## - LOCALLY ASSIGNED LC-TYPE CALL NUMBER (OCLC); LOCAL CALL NUMBER (OCLC) | |
| -- | 4020 |
| -- | 4020 |
| 100 ## - MAIN ENTRY--PERSONAL NAME | |
| Personal name | 20080729 |
| 245 00 - TITLE STATEMENT | |
| Title | Information technology on the move : |
| Remainder of title | technical and behavioural evaluations of mobile telecommunications / |
| Statement of responsibility, etc | Geoffrey Underwood ... [et al.]. |
| 260 ## - PUBLICATION, DISTRIBUTION, ETC. (IMPRINT) | |
| Place of publication, distribution, etc | Chichester, West Sussex, England ; |
| -- | New York : |
| Name of publisher, distributor, etc | John Wiley,1994 |
| Date of publication, distribution, etc | 1994. |
| 300 ## - PHYSICAL DESCRIPTION | |
| Extent | ix, 245 p. : |
| Other physical details | ill. ; |
| Dimensions | 24 cm. |
| 504 ## - BIBLIOGRAPHY, ETC. NOTE | |
| Bibliography, etc | Includes bibliographical references (p. 233-237) and index. |
| 650 #0 - SUBJECT ADDED ENTRY--TOPICAL TERM | |
| Topical term or geographic name as entry element | Intelligent Vehicle Highway Systems |
| Geographic subdivision | European Economic Community countries. |
| 650 #0 - SUBJECT ADDED ENTRY--TOPICAL TERM | |
| Topical term or geographic name as entry element | Transportation, Automotive |
| Geographic subdivision | European Economic Community countries |
| General subdivision | Communication systems |
| -- | Technological innovations. |
| 650 #0 - SUBJECT ADDED ENTRY--TOPICAL TERM | |
| Topical term or geographic name as entry element | Automobile driving |
| Geographic subdivision | European Economic Community countries. |
| 700 1# - ADDED ENTRY--PERSONAL NAME | |
| Personal name | Underwood, Geoffrey |
| Fuller form of name | (Geoffrey D. M.) |
| 942 ## - ADDED ENTRY ELEMENTS (KOHA) | |
| Item type | NB - Book (Non borrowing) |
| Call number prefix | 388.3124094U561 |
| Withdrawn status | Item status | Damaged status | Not for loan | Home library | Current library | Shelving location | Date acquired | Source of acquisition | Total Checkouts | Full call number | Barcode | Date last seen | Koha item type |
|---|---|---|---|---|---|---|---|---|---|---|---|---|---|
| Central Library | Central Library | First floor | 07/08/2015 | Purchase | 388.3124094 INF | 000000047 | 15/07/2025 | NB - Book (Non borrowing) | |||||
| Central Library | Central Library | First floor | 07/08/2015 | Purchase | 388.3124094 INF | 000000048 | 15/07/2025 | Book - Borrowing |